00290nam a2200121Ia 4500008004100000100002800041245003400069260002200103300000800125650001300133942000700146999001500153190216s9999||||xx |||||||||||||| ||und|| aJain. S.P. Narang. K.L. 0aAdvanced Financial Accounting bKalyani Pubc2003 a580 aCommerce cBK c6572d6572